[Event "Olympiad-33"]
[Site "Elista"]
[Date "1998.10.01"]
[Round "3.3"]
[White "Sutovsky, Emil"]
[Black "Zhang, Zhong"]
[Result "1/2-1/2"]
[WhiteElo "2575"]
[BlackElo "2510"]
[Annotator "Tsesarsky,I"]
[PlyCount "76"]
[EventDate "1998.09.29"]
[EventType "team-swiss"]
[EventRounds "13"]
[EventCountry "RUS"]
[SourceTitle "CBM 068"]
[Source "ChessBase"]
[SourceDate "1999.02.01"]
[SourceVersion "1"]
[SourceVersionDate "1999.02.01"]
[SourceQuality "1"]
[WhiteTeam "Israel"]
[BlackTeam "China"]
[WhiteTeamCountry "ISR"]
[BlackTeamCountry "CHN"]

{[%mdl 4132]} 1. e4 e5 2. Nf3 Nc6 3. Nc3 Nf6 4. Bb5 Nd4 5. O-O Nxb5 6. Nxb5 c6
7. Nc3 d6 8. d4 Qc7 9. Bg5 (9. Be3 Be7 10. dxe5 dxe5 11. Qd3 O-O 12. h3 (12.
Qc4 Be6 13. Qe2 b5 $15 {0-1 Rohe,C-Nuber,R/cr QTV-22 Dortmund-Neu Ulm [1] 1991
(25)}) 12... h6 13. Rfd1 Be6 14. a3 $11 {0-1 Techno Chess-Kallisto/15th WMCCC,
Paris FRA 1997 (75)}) (9. a4 Be7 10. h3 O-O (10... a5 11. Be3 O-O 12. Re1 Re8
13. Qd3 $11 {1-0 Shabanov,Y-Kirusha,A/White Nights Open, St Petersburg RUS
1998 (42)}) 11. b3 (11. Re1 Re8 12. Be3 Bf8 13. a5 g6 14. Qd2 $11 {1-0
Shabanov,Y-Igudesman,K/Czech Open, Pardubice CZE 1998 (33)}) 11... Re8 12. Re1
b6 13. Bg5 a6 14. d5 c5 15. Nh4 g6 16. Qd2 Nh5 $11 {1/2-1/2 Timman,J-Benko,P/
Venice 1974 (22)}) (9. Qe2 Be7 10. Be3 O-O 11. h3 b5 12. Bg5 h6 13. Bh4 Nh5 14.
Bxe7 Nf4 15. Qe3 Qxe7 16. Ne2 $11 {1/2-1/2 Cortlever,N-Kramer,G/Beverwijk 1946
(21)}) (9. Ne1 Be7 10. Kh1 b5 11. a3 Bb7 12. f4 exd4 13. Qxd4 c5 14. Qd3 (14.
Nxb5 Qd7 15. Qc4 Bxe4 16. Nc3 d5 17. Qe2 O-O $15) 14... a6 15. Nf3 $11 {
1/2-1/2 Euwe,M-Bogoljubov,E/NED 1928 (21)}) (9. Qd3 Be7 10. Ne2 O-O 11. c3 Bg4
12. Ng3 Rad8 13. h3 Bxf3 14. Qxf3 $11 {1-0 Preiswerk,W-Vordank,K/Berlin CL
1920 (21)}) (9. h3 Be7 10. Be3 (10. Re1 O-O 11. Bg5 Ne8 12. Be3 Be6 13. a4 b6
14. Qd3 f5 15. dxe5 fxe4 16. Qxe4 d5 17. Qd3 $16 Rxf3 18. gxf3 Qxe5 19. f4 $18
(19. Bd2 Qf6 20. Qe2 Qg6+ 21. Kh2 Bd6+ 22. f4 Bf5 $14 {0-1 Hay,T-Guy,W/
Adelaide ,EXT 1990 (28)})) (10. Qd3 O-O 11. Ne2 d5 12. Nxe5 Nxe4 $11 {1-0
Pavlov Pianov,N-Tselikov,N/Moscow URS ch(1) 1920 (45)}) 10... h6 11. a4 g5 12.
Nh2 Rg8 13. Ng4 h5 14. Nxf6+ Bxf6 15. dxe5 dxe5 16. f3 (16. Qxh5 g4 17. hxg4
Bxg4 18. Qh6 Qe7 19. Bc5 Qe6 20. f3 Bh3 21. Rf2 b6 22. Ba3 O-O-O $132) 16... g4
17. fxg4 Bh4 18. g5 Bxg5 19. Bxg5 Rxg5 20. Qf3 Qe7 21. Kh2 $11 {1-0 Landtman,
M-Okkes,M/NED tt 1995 (45)}) 9... Be7 10. h3 (10. Qd3 O-O 11. Rfd1 (11. Rad1
Bg4 12. Rd2 Rad8 13. Ne1 h6 14. Bh4 Nh5 15. Bxe7 Qxe7 16. h3 Nf4 17. Qg3 Bc8
18. Nf3 $11 {1-0 Marchand,M-Cole,H/Hastings 1919 (52)}) 11... Rd8 12. Bxf6 Bxf6
13. d5 c5 14. Nd2 Bd7 15. a4 a6 16. a5 Rf8 17. Nc4 Rad8 18. Nb6 g6 19. Ne2 Bg7
20. Ra3 f5 $11 {1-0 Bondarevsky,I-Zagoriansky,E/Moscow-ch ,HCL 1945 (55)})
10... O-O (10... h6 11. Bh4 g5 $5 (11... O-O 12. Bg3 Nd7 13. Qd2 Kh7 14. Rad1
Re8 15. Kh1 Bf8 16. Nh4 Nf6 17. Bh2 b5 18. Qd3 b4 19. Ne2 Qb6 20. dxe5 dxe5
$132 {0-1 Goldschmidt-Quast/Eger Agria91 open 1991 (31)}) 12. dxe5 $1 gxh4 (
12... dxe5 {Tsesarsky} 13. Bg3 Nd7 (13... Bd6 14. Qd3 Be6 15. Nd4 $2 (15. Rfd1
O-O-O 16. Qe3 b6 (16... Kb8 17. Rxd6 $18) 17. Rxd6 Qxd6 18. Nxe5 $16 Qd2 19.
Nxc6 Qxe3 20. fxe3 Rd7 (20... Nh5 21. Be5 f6 22. Nxd8 Rxd8 23. Bd4 $18) 21. Be5
$18) 15... exd4 16. Qxd4 Bxg3 17. fxg3 Qxg3 18. Rf3 Qc7 19. Qxf6 Rg8 20. Raf1
Rd8 21. Qxh6 Qb6+ 22. Kh1 Qxb2 23. Rb1 Qxc2 24. Rxb7 Rd7 25. Rb8+ Rd8 $132) 14.
Nd4 Qb6 15. Nb3 Qc7 16. a4 $16) 13. exf6 Bxf6 14. Re1 Be6 $132 (14... Rg8 15.
Kh1 Be6 $1 $132 (15... Rg6 $2 $16 16. e5 $1 {0-1 Sutovsky,E-Piket,J/Elista RUS
1998/ (52)}))) 11. Qd2 $11 b5 12. a3 a6 13. Rfd1 (13. d5 c5 (13... Bb7 14. dxc6
Bxc6 15. Rfe1 Rac8 16. Rad1 (16. Rac1 Ne8 17. Bxe7 Qxe7 $11) 16... Rfd8 $132)
14. Rfe1 $14) 13... Re8 14. Qe3 (14. d5 Bb7 $11) 14... exd4 (14... h6 15. dxe5
dxe5 16. Bxf6 Bxf6 17. Qc5 Be6 (17... Re7 18. Rd2 Be6 19. Rad1 Rc8 20. a4 Rd7
21. Rxd7 Bxd7 22. axb5 cxb5 23. Qxc7 Rxc7 24. Nd5 Ra7 25. Kf1 $14) 18. Nd5 Bxd5
19. exd5 e4 20. Nd4 (20. d6 Qd7 21. Nd4 Rac8 22. c3 Re5 $17) 20... e3 21. fxe3
Qg3 22. dxc6 Qxe3+ 23. Kh1 Qf2 $132) 15. Nxd4 c5 $1 16. Bxf6 Bxf6 17. Nd5 cxd4
(17... Qb7 18. Nxf6+ gxf6 19. Qg3+ Kh8 20. Nf3 $16) 18. Nxc7 dxe3 19. Nxe8 Bxb2
20. Rab1 (20. Ra2 exf2+ 21. Kxf2 Be5 22. Nxd6 Be6 23. c4 bxc4 24. Nf5 (24. Rc2
Rd8 25. Nxc4 Rxd1 26. Nxe5 $15) 24... c3 25. Re2 $44) 20... exf2+ 21. Kxf2 Bxa3
22. Nxd6 Be6 $44 (22... Kf8 23. Ra1 Bxd6 24. Rxd6 Bb7 25. c3 $14) 23. Kf3 h6
24. Rd3 (24. Rd4 Bc5 $132) 24... Bc5 25. Rbd1 Kh7 (25... Kf8 26. Nf5 Be7 27.
Nxe7 Kxe7 $14) 26. Rc3 Bxd6 27. Rxd6 Bc4 (27... a5 $132) 28. Ra3 a5 29. c3 (29.
Ke3 Bf1 30. Rb6 f6 31. g4 a4 $11) 29... a4 30. g4 Rc8 31. Ke3 Bb3 32. Kd3 Bc4+
33. Ke3 Bb3 34. Kd3 Rc5 35. Kd4 Rc4+ 36. Kd3 Rc5 37. Kd4 Rc4+ 38. Kd3 Rc5
1/2-1/2

[Event "Linares Anibal op 04th"]
[Site "Linares"]
[Date "1997.??.??"]
[Round "2"]
[White "Lima, Darcy Gustavo Macha"]
[Black "Miles, Anthony John"]
[Result "1/2-1/2"]
[WhiteElo "2420"]
[BlackElo "2550"]
[Annotator "Tsesarsky,I"]
[PlyCount "116"]
[EventDate "1997.02.??"]
[EventType "swiss"]
[EventRounds "10"]
[EventCountry "ESP"]
[SourceTitle "CBM 058"]
[Source "ChessBase"]
[SourceDate "1997.06.01"]
[SourceVersion "1"]
[SourceVersionDate "1997.06.01"]
[SourceQuality "1"]

1. e4 Nc6 2. Nf3 e5 3. Nc3 Nf6 4. Bb5 Nd4 5. Nxd4 exd4 6. e5 dxc3 7. exf6 Qxf6
8. dxc3 Qe5+ 9. Qe2 Qxe2+ 10. Bxe2 Bc5 11. O-O (11. Bf4 d6 12. O-O (12. Bf3 O-O
13. O-O a5 14. Rfe1 Be6 15. a4 Rae8 16. g4 $6 Bc8 17. h3 h6 18. h4 Re6 19. g5
$6 hxg5 20. Bxg5 Rfe8 21. Rxe6 fxe6 $15 {Pihlajasalo,A-Sepp,O/Espoo 1996/0-1 
(59)}) (12. Bg3 O-O (12... Be6 13. a4 a5 14. Bf3 O-O-O 15. O-O g5 16. Rfe1 h5
$132 {1/2-1/2 Starostits,I-Dervishi,E/EU-chJM U16 Zagan 1995 (23)}) 13. O-O-O
h6 14. Rhe1 Re8 15. Bf3 Rxe1 16. Rxe1 Kf8 $11 {Jacek Martin-Horak Jiri/Czech
League a 1995/1/2-1/2 (51)}) 12... Bf5 13. Bd3 (13. Bf3 O-O-O 14. b4 Bb6 15. a4
a5 16. Ra2 d5 17. Rb2 axb4 18. cxb4 Bd4 19. Ra2 Bc3 20. b5 b6 21. Rd1 Rhe8 22.
h3 Be6 23. Ra3 d4 24. Bc6 Re7 25. a5 bxa5 26. Bd2 Bd5 27. Bxc3 Bxc6 28. Bxd4
Bxb5 29. Rxa5 Red7 (29... Bc6 $11) 30. c3 c5 31. Rxb5 cxd4 32. cxd4 Rxd4 33.
Rc5+ Kb7 34. Rb1+ Ka6 35. Rc6+ Ka5 36. Rc7 Rd1+ $4 {1-0 Pihlajasalo,A-Tuovinen,
J/Vantaa 1996 (54)} (36... R8d7 37. Rbb7 Rxc7 38. Rxc7 Rf4 $11)) 13... Bxd3 14.
cxd3 Kd7 15. d4 Bb6 16. Rfe1 Rhe8 17. Kf1 d5 18. Rxe8 Rxe8 19. Re1 {1/2-1/2
Ravinsky,G-Nikitin,A/Leningrad 1957}) 11... d6 (11... O-O 12. Bf4 d6 13. Bd3
Bd7 14. Rfe1 Rfe8 15. Kf1 Rxe1+ {1/2-1/2 Kuzmin,G-Deev,A/Erevan 1981}) 12. Re1
Be6 13. Bd3 O-O $11 (13... O-O-O $132) 14. Be3 Bb6 15. Bxb6 axb6 16. a3 Rfe8
17. Re3 Bd7 18. Rae1 Kf8 19. Rxe8+ Bxe8 20. f4 (20. Bxh7 $4 g6 21. h4 (21. Re3
Kg7 22. Rh3 Bd7 $19) 21... Kg7 22. Re7 Kxh7 23. Rxc7 $19) 20... h6 21. Kf2 Bc6
22. h4 h5 23. g3 Ra5 24. c4 (24. Re2 $11) 24... Bd7 25. Re3 g6 26. Ke1 b5 27.
cxb5 Bxb5 28. Bxb5 (28. b4 $2 Rxa3) 28... Rxb5 29. b4 (29. b3 Ra5 30. a4 $11)
29... Rb6 30. c4 $6 $15 (30. Rc3 $11) 30... Rc6 31. Re4 Ra6 32. Re3 c5 (32...
Rc6 $11) 33. Kf2 Ra4 34. Rb3 b6 35. Kf3 Ke7 36. f5 $5 (36. Ke4 $5 Ke6 $22 37.
f5+ $8 gxf5+ 38. Kf4 cxb4 39. axb4 (39. Rxb4 Rxa3 40. Rxb6 Ra4 $17) 39... d5 (
39... Ra1 40. Kg5 Rc1 41. Re3+ Kd7 42. Kxh5 Rxc4 43. Kg5 Rxb4 44. h5 Rb1 (44...
Re4 45. Rf3 Ke7 46. Rxf5 f6+ 47. Rxf6 Rg4+ 48. Kxg4 Kxf6 49. Kf4 b5 50. g4 b4
51. g5+ Kg7 52. Ke4 d5+ 53. Kd4 Kh7 54. g6+ Kg7 $11) 45. Kxf5 Rh1 46. g4 b5 47.
Kf6 Rf1+ 48. Kg7 Rg1 49. Kxf7 Rxg4 50. h6 Rh4 51. Kg7 $11) 40. cxd5+ Kxd5 41.
Kxf5 Kc4 42. Rf3 Kxb4 (42... Rxb4 $4 43. Rf4+ Kc3 44. Rxb4 Kxb4 45. g4 $18) 43.
Rf4+ Ka5 44. g4 hxg4 45. Rxa4+ Kxa4 46. Kxg4 b5 47. h5 b4 48. h6 b3 49. h7 b2
50. h8=Q b1=Q 51. Qe8+ $11) 36... gxf5 37. Kf4 Kf6 38. Rd3 cxb4 (38... Ke6 39.
Re3+ Kf6) 39. axb4 Rxb4 40. Rxd6+ Ke7 41. Rh6 (41. Rd4 $2 b5 $17) 41... Rxc4+
42. Kf3 (42. Kxf5 Rc5+ 43. Ke4 f6 $17) 42... Rc3+ 43. Kf4 Rc4+ 44. Kf3 b5 45.
Rxh5 Ke6 (45... Rc5 46. Rh8 b4 47. Rb8 $11) 46. Rh8 b4 47. Rb8 Ke5 (47... Kf6
48. Rb6+ Ke5 49. h5 Rc3+ 50. Kg2 b3 51. h6 $11) 48. h5 (48. Rb5+ Kf6 (48... Kd4
49. h5 Kc3 50. Rxf5 b3 51. h6 b2 52. h7 b1=Q (52... Rc8 53. Rc5+ Rxc5 54. h8=Q+
Kb3 55. Qh7 (55. Qb8+ Kc2 $19) 55... f5 56. Qf7+ Kc2 57. Qa2 Rc3+ 58. Ke2 Kc1
59. Ke1 Re3+ 60. Kf2 Rc3 61. Ke1 $1 $11 (61. Ke2 Rc2+ $19)) 53. h8=Q+ Kc2 54.
Qh2+ Kc3 55. Qh8+ $11) 49. Rb6+ $11) 48... Kf6 49. Rb6+ Kg7 50. h6+ $11 Kh7 51.
Ke3 Rc3+ 52. Kf4 b3 53. Kxf5 Rxg3 54. Kf4 Rh3 55. Kg5 Rc3 56. Rb7 Rf3 57. Kg4
Rf1 58. Rxb3 Kxh6 1/2-1/2

[Event "Olympiad-33"]
[Site "Elista"]
[Date "1998.09.30"]
[Round "2.2"]
[White "Movsesian, Sergei"]
[Black "Lalic, Bogdan"]
[Result "1-0"]
[WhiteElo "2640"]
[BlackElo "2560"]
[Annotator "Tsesarsky,I"]
[PlyCount "45"]
[EventDate "1998.09.29"]
[EventType "team-swiss"]
[EventRounds "13"]
[EventCountry "RUS"]
[SourceTitle "CBM 068"]
[Source "ChessBase"]
[SourceDate "1999.02.01"]
[SourceVersion "1"]
[SourceVersionDate "1999.02.01"]
[SourceQuality "1"]
[WhiteTeam "Czech Republic"]
[BlackTeam "Croatia"]
[WhiteTeamCountry "CZE"]
[BlackTeamCountry "CRO"]

{[%mdl 8224]} 1. e4 e5 2. Nf3 Nc6 3. Bb5 Nf6 4. Nc3 Nd4 5. Ba4 c6 6. Nxe5 d6 7.
Nd3 $5 (7. Nf3 Bg4 8. h3 (8. d3 d5 (8... Be7 9. Be3 Nxf3+ 10. gxf3 Bh5 11. Nb1
d5 12. c3 Qd6 13. Nd2 O-O 14. Bc2 h6 15. Nf1 dxe4 16. dxe4 Qe6 17. Ng3 Rfd8 18.
Qe2 $16 {1-0 Hennigan,M-Sherbakov,R/Hastings9394 1993 (91)}) (8... Nd7 9. Be3
Nxf3+ 10. gxf3 Bh5 11. d4 Qf6 12. Rg1 Qxf3 13. Qxf3 Bxf3 14. d5 (14. Rg3 Bh5
15. d5 (15. f3 O-O-O 16. O-O-O Nb6 (16... Bg6 17. Bb3 Re8 18. Bf4 $14 {1/2-1/2
Collinson,A-Wells,P/Oakham 1993 (60)}) 17. Bb3 d5 18. exd5 cxd5 19. Bf4 f6 20.
Nb5 $16 {1/2-1/2 Chandler,M-Hebden,M/London LB 1992 (59)}) 15... c5 16. Ne2
O-O-O (16... a6 17. c4 Rb8 18. Nf4 $14 {1-0 Santos,C-Fernando,D/IV It, Loures
POR 1997 (51)}) 17. Nf4 Bg6 18. f3 $14 {1/2-1/2 Istratescu,A-Sepp,O/Moscow olm
ROM-EST 1994 (68)}) 14... c5 15. Kd2 O-O-O 16. Bxd7+ Kxd7 17. Rg3 $14 {0-1
Wells,P-Hebden,M/Hastings Challengers 1991 (52)}) 9. Be3 (9. O-O dxe4 10. Re1 (
10. dxe4 Bxf3 11. gxf3 b5 12. Bb3 Bc5 13. e5 (13. Be3 $16) 13... Nd7 14. f4 Qh4
15. Be3 Nxb3 16. axb3 Bxe3 17. fxe3 $16) 10... Bxf3 11. gxf3 Qa5 12. fxe4 Bb4
13. Bd2 $16) (9. exd5 Nxd5 10. Nxd4 $2 (10. O-O Bxf3 (10... Be7 11. Be3 Nxf3+
12. gxf3 Nxc3 13. bxc3 Bh3 14. Re1 Qa5 $132) 11. gxf3 Bb4 12. Re1+ Ne6 13. Bd2
$14) 10... Bxd1 11. Nxc6 Nxc3 12. Nxd8+ Nxa4 13. Nxf7 Kxf7 14. Kxd1 Rd8 $17)
9... Nxf3+ (9... dxe4 10. Nxe4 Nxe4 11. Bxd4 $16) 10. gxf3 Bh5 11. Bd2 (11.
exd5 Nxd5 12. Ne4 (12. Bb3 Nxc3 13. bxc3 Qf6 $132) (12. Nxd5 Qxd5 13. Bb3 Qxf3
14. Qxf3 Bxf3 15. Rg1 $11) (12. Qe2 Nxc3 (12... Be7 13. Bb3 (13. Bc5 O-O 14.
Bxe7 Nxe7 (14... Qxe7 15. Nxd5 Qxe2+ 16. Kxe2 cxd5 17. Ke3 Rac8 18. c3 Rfd8 19.
Kd4 Bxf3 20. Rhe1 $16) 15. O-O-O $14) 13... Nxc3 14. bxc3 Qa5 15. Bd4 O-O-O 16.
Qe5 Qxe5+ 17. Bxe5 Rhe8 $15 {0-1 Gruenfeld,Y-Shabtai,R/Jerusalem 1996/CBM 56/ 
(42)}) 13. bxc3 Qd5 (13... Be7 14. Bc5 $16) 14. Bd4+ Kd7 15. Bb3 Qf5 $15) 12...
Nxe3 13. fxe3 Qb6 $15) (11. Bd4 dxe4 12. dxe4 Bxf3 13. Qxf3 Qxd4 $132 {1/2-1/2
Teran Alvarez,I-Kroeze,F/Rotterdam NED 1998 (20)}) 11... d4 12. Nb1 Bd6 13. c3
$14) 8... Bxf3 (8... Nxf3+ 9. gxf3 Bh5 10. d4 Qa5 11. Qd3 $14) 9. gxf3 g6 10.
Nb1 (10. Kf1 Bg7 11. Ne2 (11. d3 Nh5 12. f4 (12. Kg2 Ne6 $44) 12... Ne6 13. Ne2
Qh4 14. Qd2 Bh6 15. Qb4 O-O-O 16. f5 Nef4 17. Nxf4 Bxf4 $132) 11... Nxf3 12. d4
Nxe4 (12... Qa5 13. Nc3 Ng5 14. e5 (14. d5 Ngxe4 15. dxc6 O-O $132) 14... Nfe4
(14... Nd5 15. Bxg5 (15. exd6 $6 Ne6 (15... Nxc3 16. bxc3 Ne6 17. d5 Qxa4 18.
dxe6 Qc4+ (18... fxe6 19. d7+ Kf7 $132) 19. Kg2 fxe6 20. d7+ Kd8 21. Rb1 b6 22.
Bg5+ Kc7 23. Qf3 Rhf8 24. d8=Q+ Raxd8 25. Bxd8+ Rxd8 $132) 16. Bb3 Nxc3 17.
bxc3 Qxc3 18. Rb1 Qxd4 $15) 15... Nxc3 16. bxc3 Qxa4 17. exd6 Qb5+ 18. Qe2+
Qxe2+ 19. Kxe2 f6 20. Bf4 O-O-O $11) 15. Bxg5 (15. exd6 Nxc3 16. bxc3 Ne4 17.
Qe2 O-O-O 18. Qxe4 Qxa4 $15) 15... Nxg5 16. Qg4 $132 {1-0 Ponomariov,R-Gomez
Esteban,J/Pamplona 1996/CBM 57/ (60)}) 13. Qd3 $16) 10... Qa5 (10... b5 11. Bb3
Bg7 12. d3) 11. c3 Nxf3+ 12. Qxf3 Qxa4 13. d4 (13. d3 Bg7 (13... Qc2 14. Na3)
14. Na3 (14. b3 Qa5) (14. Bh6 O-O 15. Bxg7 Kxg7)) 13... Bg7 (13... Qc2 14. O-O
Bg7 15. Re1 $16) 14. O-O O-O 15. Bg5 Nh5 16. Be7 Rfe8 17. Bxd6 Qc2 (17... Rad8
18. b3 Qa6 19. Bh2 (19. Bb4 $5) 19... c5 20. d5 f5 $132 {0-1 Ponomariov,
R-Almasi,Z/Pamplona 1996/CBM 57/[Tsesarsky] (82)}) 18. e5 Qxb2 19. Na3 Qd2 $15)
7... d5 $2 $146 (7... b5 $142 8. Bb3 a5 9. a3 Nxb3 (9... Ba6 10. Ba2 b4 11. Ne2
Qb6 12. axb4 axb4 13. Bc4 $16 {1-0 Olaizola Ortega,L-Lezcano Jaen,P/Linares
ESP 1998 (30)}) 10. cxb3 Be7 $14 {1-0 Yin Hao-Stern,R/Rotterdam NED 1998 (65)})
8. e5 $2 $132 (8. Nxd5 $1 Nxe4 (8... Nxd5 9. exd5 b5 10. Bb3 Qe7+ 11. Kf1 Nxb3
12. axb3 cxd5 13. Nf4 Bb7 14. d4 $16) 9. Nc3 Nxc3 10. dxc3 Qa5 11. Nf4 Nf5 (
11... Qxa4 12. cxd4 $16) 12. Bb3 $16) 8... Ne4 9. O-O (9. Bb3 b5 (9... Bf5 10.
O-O Be7 11. f3 Nc5 12. Nxc5 Bxc5 13. Kh1 O-O 14. Ne2 Nxb3 15. axb3 Qh4 16. d4
$16) 10. O-O a5 $132) (9. Ne2 $2 Bg4 10. Ndf4 $8 Bc5 11. O-O Qg5 12. d3 Bf3 13.
Kh1 (13. dxe4 Nxe2+ $19) 13... Nxe2 14. gxf3 Nxf4 15. Bxf4 Nxf2+ 16. Rxf2 Qxf4
$19) 9... b5 10. Bb3 a5 11. a4 (11. Re1 $2 Nc5 $1 12. Nxc5 Bxc5 13. a4 b4 14.
Ne2 (14. Nb1 Qh4 $17) 14... Bg4 $17) (11. a3 $5 Nxb3 (11... Bf5 12. Ba2 Qh4 13.
f3 Ng5 14. Ne1 Bc5 15. Kh1 O-O 16. d3 Rfe8 17. Ne2 Nxe2 18. Qxe2 Ne6 $14) 12.
cxb3 Qb6 $44) 11... b4 (11... Nxb3 12. cxb3 b4 13. Nxe4 dxe4 14. Nf4 Bf5 $15)
12. Ne2 (12. Nxe4 dxe4 13. Nf4 Nxb3 14. cxb3 Bf5 $15) 12... Nxb3 13. cxb3 Ba6
14. Ndf4 (14. Ne1 $44) 14... d4 $5 (14... g5 $1 15. d3 (15. Nh5 Bd3 $1 $17 {
[%csl Rc1]}) 15... gxf4 16. dxe4 f3 17. gxf3 Rg8+ 18. Kh1 dxe4 19. Qc2 Rc8 $15)
15. d3 (15. e6) 15... Nc5 16. Ng3 Qd7 (16... Be7 17. Nf5 g5 18. Qf3 $5 O-O (
18... gxf4 19. Qxc6+ Nd7 20. Nxe7 Kxe7 21. Bxf4 Rg8 22. Qd6+ Ke8 23. e6 Nb8 (
23... fxe6 24. Qxe6+ Kf8 25. Bh6+ $18) 24. Qe5 $132) 19. Nh5 $16) 17. Re1 O-O-O
18. Ne4 Re8 (18... Nxe4 19. Rxe4 Re8 (19... c5 20. e6 fxe6 21. Nxe6 Re8 22.
Nxf8 Rhxf8 23. Qh5 Bxd3 24. Qxc5+ Kb7 25. Rxe8 Rxe8 26. Bf4 $16) 20. Qc2 c5 21.
Bd2 Bb7 22. Re2 Qc6 23. f3 f6 (23... g5 24. Nh5 g4 25. f4 $14) 24. Rae1 fxe5
25. Rxe5 Rxe5 26. Rxe5 Bd6 $132) 19. Nxc5 Bxc5 20. Bd2 Bb6 21. Qf3 (21. Rc1 Bb7
22. Nh5 $14) 21... Kb8 22. Qg3 g6 $4 $18 (22... Rhg8 23. Rac1 Bc7 $132) 23.
Nxg6 1-0

[Event "RUS-Cup7"]
[Site "Kstovo"]
[Date "1997.05.01"]
[Round "1"]
[White "Alavkin, Arseny Nailievich"]
[Black "Ibragimov, Ildar"]
[Result "1-0"]
[WhiteElo "2375"]
[BlackElo "2555"]
[Annotator "Tsesarsky,I"]
[PlyCount "79"]
[EventDate "1997.05.01"]
[EventType "swiss"]
[EventRounds "9"]
[EventCountry "RUS"]
[SourceTitle "CBM 059"]
[Source "ChessBase"]
[SourceDate "1997.08.01"]
[SourceVersion "1"]
[SourceVersionDate "1997.08.01"]
[SourceQuality "1"]

1. e4 e5 2. Nf3 Nc6 3. Nc3 Nf6 4. Bb5 Nd4 5. Ba4 Nxf3+ 6. Qxf3 c6 7. O-O d6 8.
h3 {N} (8. d3) 8... Be7 (8... Nd7 9. d3 Be7 10. Qg3 O-O 11. f4 Bh4 12. Qf3 Nc5
13. Bb3 exf4 14. Bxf4 Kh8 15. Be3 Qe7 16. Qh5 Nxb3 17. axb3 a6 18. Rf3 Bf6 19.
Raf1 Qe5 20. Qxe5 dxe5 21. Na4 $16 {Finkel,A-Liss,E/Rishon le Zion YM 1995/1-0
(52)}) (8... Qc7 9. Rd1 Be7 10. Bb3 O-O 11. Qe2 Be6 12. Bxe6 fxe6 13. d4 exd4
14. Rxd4 d5 15. Rd1 Bb4 16. exd5 exd5 $11 {Collinson,A-Kosashvili,Y/Guildford
1991/1-0 (53)}) (8... g6 9. Rd1 $1 Bg7 10. d4 Nd7 $8 11. d5 c5 $8 12. Nb5 Qb6 (
12... Bf8 13. c4 a6 14. Bg5 Qb6 15. Nc3 Bg7 16. Rab1 $14 {Istratescu,A-Arbakov,
V/Berliner Sommer 1993/1/2-1/2 (67)}) 13. c4 O-O 14. Bc2 $14 {1/2-1/2
Istratescu,A-Liss,E/Biel op 1994 (45)}) 9. Nd5 $5 (9. d3 O-O 10. Qe2 (10. Bb3
Nd7 11. Be3 Nc5 12. d4 Nxb3 13. axb3 f6 14. Rfd1 a6 15. b4 Bd7 16. Qe2 Kh8 17.
d5 f5 18. exf5 Rxf5 19. dxc6 Bxc6 20. Qd3 $14 {1-0 Campora,D-Lima,D/Sao Paulo
zt 1993 (50)}) 10... Be6 11. Bb3 Qd7 12. f4 exf4 13. Bxf4 Rae8 14. Kh1 h6 15.
Qf3 $14 {1-0 Steinsapir,Y-Ravinsky,G/Moscow 1949 (62)}) (9. Ne2 {/\ Ng3-f5, /\
c3, d4|^[+]} O-O 10. c3 d5 (10... b5 11. Bc2 c5 $6 (11... d5 12. d3 Re8 13. Ng3
$14 {Istratescu,A}) 12. d4 cxd4 13. cxd4 Bb7 14. dxe5 $1 dxe5 15. Ng3 Rc8 16.
Bb3 {+/= Istratescu,A-Berkovich,M/Tel_Aviv 1994} (16. Bb3 Rc7 $140 $1 $8 17.
Bg5 Nd7 $8 18. Bxe7 Qxe7 19. Nf5 Qg5 20. h4 Qf6 21. Rad1 $16)) 11. d3 Bd6 12.
Ng3 Nd7 {1/2-1/2 Istratescu,A-Delchev,A/Odorheiu Secuiesc zt 1995}) 9... Bd7 (
9... Nxd5 10. exd5 $16) 10. Nxe7 $14 {^^} Qxe7 11. d3 h6 12. c3 O-O-O $5 (12...
O-O 13. Bc2 c5 (13... d5 14. exd5 Nxd5 15. Re1 $16) 14. Be3 Bc6 15. Qg3 Nh5 16.
Qh2 Rae8 17. g4 Nf6 18. f4 $14) 13. Qe3 c5 14. Bd1 $5 (14. Bxd7+ Rxd7 15. b4
$14) 14... g5 15. b4 {-><<} d5 (15... g4 16. Bxg4 (16. h4 $14) 16... Nxg4 (
16... Bxg4 17. hxg4 Nxg4 18. Qh3 Qd7 (18... Qe6 19. f3 Nf6 20. Qxe6+ fxe6 21.
bxc5 dxc5 22. Rd1 c4 23. d4 exd4 24. cxd4 b5 25. Rb1 a6 26. a4 $16) 19. f3 Nf6
20. Qxd7+ Nxd7 21. Rb1 $14) 17. hxg4 Bxg4 18. bxc5 dxc5 19. Ba3 b6 20. d4 Rhg8
21. dxc5 Qf6 22. cxb6 $16) 16. Ba3 (16. Qxc5+ $2 Qxc5 17. bxc5 dxe4 $15) 16...
dxe4 17. dxe4 Bb5 (17... g4) 18. Re1 $5 (18. Be2 $142 Bxe2 19. Qxe2 $14) 18...
Rd3 19. Qc1 Bc6 (19... c4 20. Bc2 Rdd8 21. Qe3 Kb8 22. Bc1 Nh5 (22... Bd7 23.
a4 Be6 24. b5 Nh5 25. Ba3 Qc7 26. a5 $16) 23. a4 Bd7 24. Qe2 Nf4 25. Qxc4 $16)
20. Be2 Rdd8 21. f3 Nh5 (21... g4 22. hxg4 h5 23. g5 Nh7 24. Qe3 $16) 22. Qe3
Nf4 23. Bf1 Ba4 (23... h5 $2 24. b5 $18) (23... Ne6 24. Bc4 $16) 24. bxc5 Kb8 (
24... Bc6 $142 25. Rab1 $14) 25. Rab1 Bc6 26. Red1 (26. Bb5 Qc7 $14) 26... Qe6
27. c4 $5 f5 (27... Rxd1 28. Rxd1 f6) 28. Rd5 $1 fxe4 (28... Bxd5 29. cxd5 $18)
29. fxe4 Qg6 $5 (29... g4 $6 30. Bb2 Ng6 31. Qg3 gxh3 32. Bxe5+ Nxe5 33. Rxe5
Rhg8 34. Rxe6+ Rxg3 35. Rxc6 (35. Kf2 Rg6 $1 36. Rxg6 Bxe4 37. Rxh6 (37. Rxb7+
Kxb7 38. Rxh6 hxg2 39. Bxg2 Rf8+ 40. Kg1 Rg8 $11) 37... Bxb1 38. gxh3 $16)
35... hxg2 36. Rxh6 (36. Bxg2 Rd2 37. Rxh6 Rgxg2+ 38. Kh1 Kc7 $14) 36...
gxf1=Q+ 37. Kxf1 $16) 30. Rxe5 Rhe8 31. Rxe8 Rxe8 32. Rd1 (32. Bd3 Nxd3 33.
Qxd3 Qxe4 $11) 32... Qxe4 33. Qxe4 Rxe4 34. Rd6 $6 (34. Kf2 $14) 34... Re1 $5 (
34... h5 35. Rf6 h4 36. Rf5 Ne2+ 37. Kf2 Ng3 38. Rf8+ Kc7 39. Bd3 Re5 40. Bb2
Rxc5 41. Rf7+ Kc8 42. Re7 $14) 35. Bb4 $2 (35. Kf2 Ra1 36. Rd2 $16) 35... Rb1
$4 (35... Rxf1+ 36. Kxf1 Bxg2+ 37. Kg1 Bxh3 38. Rxh6 Bd7 39. Bd2 $18) (35...
Ra1 $1 36. Ba5 $5 b6 $1 37. Rxc6 (37. cxb6 Bxg2 38. Rd8+ Kb7 39. Rd7+ Kc6 40.
Rc7+ Kd6 41. Bb4+ Ke6 42. Re7+ Kf5 43. Rf7+ Ke4 44. Rxf4+ Kxf4 45. Kxg2 Rxa2+
46. Kg1 axb6 $11) (37. Bd2 Bxg2 38. Bxf4 Rxf1+ 39. Kxg2 Rxf4 $11) 37... bxa5
38. Rxh6 Rxa2 39. h4 (39. g3 Ne2+ 40. Bxe2 (40. Kf2 Nd4+ 41. Ke1 Nf3+ 42. Kd1
Ra1+ 43. Ke2 Nh2 $1 $17) 40... Rxe2 $11) 39... gxh4 40. Rxh4 Ne6 $44) 36. Bd2
$4 (36. Ba5 b6 37. Rxc6 bxa5 38. Rxh6 $18) 36... Nxg2 $6 (36... Bxg2 $1 37.
Bxf4 Rxf1+ 38. Kxg2 Rxf4 39. c6 Rxc4 40. cxb7 Kxb7 41. Rxh6 Rc2+ 42. Kg3 Rxa2
$15) 37. Rxh6 Nh4 (37... Nf4 $14) 38. Kf2 Rb2 39. Rd6 Rxa2 40. Be2 $11 {(+) -?}
1-0